Szczegóły MARC21

Wybory parlamentarne i prezydenckie 2019-2020 w państwach europejskich : nacjonalizmy - echo przeszłości czy nieuchronna przyszłość? /

003 -Nazwa inst., której nr kontr. jest w polu 001 [,]
    • @
    • Nazwa instytucji, której n kontrolny jest w polu 001
    • NUKAT
005 -DATA I CZAS OSTATNIEJ MODYFIKACJI [,]
    • @
    • pole kontrolne
    • 20241231111956.0
020 -Międzynarod. znormalizowany nr książki - ISBN [ , ]
    • a
    • Numer ISBN
    • 9788381804776 Find
040 -Instytucja sporządzająca opis [ , ]
    • a
    • Instytucja, która sporządziła opis (NP)
    • WA 14/MW
    • b
    • Język katalogowania
    • pol
    • e
    • Zasady katalogowania
    • rda
    • c
    • Instytucja, która sporządziła rekord (NP)
    • WA 14/MW
    • d
    • Instytucja, która zmodyfikowała rekord (P)
    • WA 14/MK
    • d
    • Instytucja, która zmodyfikowała rekord (P)
    • KAT U/MPs
    • d
    • Instytucja, która zmodyfikowała rekord (P)
    • WR O/MMts
    • d
    • Instytucja, która zmodyfikowała rekord (P)
    • WA 14/DG
942 -Rodzaj dokumentu [ , ]
    • c
    • Rodzaj dokumentu
    • Książka
245 -Strefa tytułu i oznaczenia odpowiedzialności [0,0]
    • a
    • Tytuł
    • Wybory parlamentarne i prezydenckie 2019-2020 w państwach europejskich : Find
    • b
    • Ciąg dalszy tytułu (NP)
    • nacjonalizmy - echo przeszłości czy nieuchronna przyszłość? / Find
    • c
    • Pozostałe elementy strefy tytułu i oznaczenia odpowiedzialności (NP)
    • redakcja naukowa: Zuzanna Sielska, Anna Robak, Karolina Kaczmarczyk.
260 -Strefa adresu wydawniczego [ , ]
    • a
    • Miejsce wydania (P)
    • Toruń :
    • b
    • Nazwa wydawcy (P)
    • Wydawnictwo Adam Marszałek,
    • c
    • Data wydania (P)
    • 2021.
300 -Strefa opisu fizycznego [ , ]
    • a
    • Określenie formy książki i/lub objętość (NP)
    • 194 strony :
    • b
    • Oznaczenie ilustracji (NP)
    • ilustracje kolorowe ;
    • c
    • Format (NP)
    • 21 cm.
336 -Typ zawartości [ , ]
    • a
    • Termin opisujący typ zawartości
    • Tekst
    • b
    • Kod określający zawartość
    • txt
    • 2
    • Źródło (terminu i kodu)
    • rdacontent
337 -Typ mediów [ , ]
    • a
    • Tryb odtwarzania
    • Bez urządzenia pośredniczącego
    • b
    • Kod typu mediów
    • n
    • 2
    • Źródło (terminu i kodu)
    • rdamedia
338 -Typ/rodzaj nośnika [ , ]
    • a
    • Hasło opisujące typ nośnika
    • Wolumin
    • b
    • Kod typu nośnika
    • nc
    • 2
    • Źródło (terminu i kodu)
    • rdacarrier
380 -Deskryptor - Forma dzieła (P) [ , ]
    • a
    • forma dzieła (NP)
    • Książki
380 -Deskryptor - Forma dzieła (P) [ , ]
    • a
    • forma dzieła (NP)
    • Publikacje naukowe
388 -Deskryptor - czas powstania dzieła (P) [1, ]
    • a
    • Czas powstania dzieła (NP)
    • 2001-
504 -Uwaga dot. bibliogr. załącznikowej [ , ]
    • a
    • Uwaga dot. bibliografii załącznikowej
    • Bibliografia przy rozdziałach.
536 -Uwaga dot. finansowania książki [ , ]
    • a
    • Tekst uwagi
    • Publikacja dofinansowana przez Samorząd Studencki Uniwersytetu Śląskiego we współpracy z Kołem Naukowym Doradztwa Politycznego UŚ
650 -Hasło przedmiotowe [ ,7]
    • a
    • Hasło przedmiotowe
    • Wybory
    • z
    • Określnik geograficzny
    • Europa
    • y
    • Określnik chronologiczny
    • 1990-.
    • 2
    • Źródło terminu
    • kaba
    • 9
    • KHW
    • 609907
650 -Hasło przedmiotowe [ ,7]
    • a
    • Hasło przedmiotowe
    • Nacjonalizm
    • z
    • Określnik geograficzny
    • Europa
    • y
    • Określnik chronologiczny
    • 1990-.
    • 2
    • Źródło terminu
    • kaba
    • 9
    • KHW
    • 382809
650 -Hasło przedmiotowe [ ,7]
    • a
    • Hasło przedmiotowe
    • Mowa nienawiści
    • 2
    • Źródło terminu
    • DBN
    • 9
    • KHW
    • 730321
650 -Hasło przedmiotowe [ ,7]
    • a
    • Hasło przedmiotowe
    • Nacjonalizm
    • 2
    • Źródło terminu
    • DBN
    • 9
    • KHW
    • 723179
650 -Hasło przedmiotowe [ ,7]
    • a
    • Hasło przedmiotowe
    • Partie polityczne
    • 2
    • Źródło terminu
    • DBN
    • 9
    • KHW
    • 724537
650 -Hasło przedmiotowe [ ,7]
    • a
    • Hasło przedmiotowe
    • Wybory do Parlamentu Europejskiego
    • 2
    • Źródło terminu
    • DBN
650 -Hasło przedmiotowe [ ,7]
    • a
    • Hasło przedmiotowe
    • Wybory parlamentarne
    • 2
    • Źródło terminu
    • DBN
    • 9
    • KHW
    • 743953
650 -Hasło przedmiotowe [ ,7]
    • a
    • Hasło przedmiotowe
    • Wybory prezydenckie
    • 2
    • Źródło terminu
    • DBN
    • 9
    • KHW
    • 125910
651 -Hasło przedmiotowe w formie nazwy geograficznej [ ,7]
    • a
    • Nazwa geograficzna
    • Polska
    • 2
    • Źródło terminu
    • DBN
    • 9
    • KHW
    • 721438
651 -Hasło przedmiotowe w formie nazwy geograficznej [ ,7]
    • a
    • Nazwa geograficzna
    • Kraje bałkańskie
    • 2
    • Źródło terminu
    • DBN
    • 9
    • KHW
    • 743422
651 -Hasło przedmiotowe w formie nazwy geograficznej [ ,7]
    • a
    • Nazwa geograficzna
    • Słowacja
    • 2
    • Źródło terminu
    • DBN
    • 9
    • KHW
    • 728256
651 -Hasło przedmiotowe w formie nazwy geograficznej [ ,7]
    • a
    • Nazwa geograficzna
    • Ukraina
    • 2
    • Źródło terminu
    • DBN
    • 9
    • KHW
    • 721986
655 -Hasło w funkcji tematu formalnego [ ,7]
    • a
    • Hasło
    • Praca zbiorowa
    • 2
    • Źródło terminu
    • DBN
    • 9
    • KHW
    • 721444
658 -Ujęcie treści [ , ]
    • a
    • dziedzina nauki i sztuki/ sfera aktywności życiowej
    • Polityka, politologia, administracja publiczna
658 -Ujęcie treści [ , ]
    • a
    • dziedzina nauki i sztuki/ sfera aktywności życiowej
    • Socjologia i społeczeństwo
700 -Hasło dodatkowe - nazwa osobowa [1, ]
    • a
    • Nazwa osobowa (NP)
    • Robak, Anna Find
    • d
    • Daty biograficzne (NP)
    • (1993- ).
    • e
    • Określenie rodzaju współpracy
    • Redakcja
    • 9
    • KHW
    • 609751
700 -Hasło dodatkowe - nazwa osobowa [1, ]
    • a
    • Nazwa osobowa (NP)
    • Sielska, Zuzanna. Find
    • e
    • Określenie rodzaju współpracy
    • Redakcja
    • 9
    • KHW
    • 609752
700 -Hasło dodatkowe - nazwa osobowa [1, ]
    • a
    • Nazwa osobowa (NP)
    • Kaczmarczyk, Karolina. Find
    • e
    • Określenie rodzaju współpracy
    • Redakcja
    • 9
    • KHW
    • 609753
710 -Hasło dodatkowe - nazwa ciała zbiorowego [2, ]
    • a
    • Nazwa ciała zbiorowego lub nazwa geograficzna jako pierwszy element (NP)
    • Wydawnictwo Adam Marszałek.
    • e
    • Rodzaj współpracy
    • Wydawca
    • 4
    • Kod relacji
    • pbl
    • 9
    • KHW
    • 53600
920 -ISBN [ , ]
    • a
    • ISBN
    • 978-83-8180-477-6 Find
Numer inwentarzowy Status udost. Lokalizacja Data inwentaryzacji
Z.1252331BG2021-10-28
WM.26824-3BG2021-10-28
H.359031BNS2021-10-08
HM.499-3BNS2021-10-08